000 00745nam a2200181 a 4500
001 000039331
005 20201002031611.0
008 130624s1980 sp 000 0 spa d
020 _a8400047257
040 _aDO-SdBNP
_bspa
_cBNPHU
100 1 _aDíaz Díaz, Gonzalo,
_d1931-
_965526
245 1 0 _aHombres y documentos de la filosofía Española /
_cGonzalo Díaz Díaz.
260 _aMadrid :
_bConsejo Superior de Investigaciones Científicas,Instituto de Filosofía "Luis Vives,",
_c1980.
300 _av. ;
_c26 cm.
500 _aTexto a dos columnas
505 0 _gV. 1
_tA-B
_gV. 2
_tC-D
_gV.3
_tE-G
_gv. 4
_tH-LL
_gv. 5
_tM-N-Ñ
_gv. 7
_tS-Z
710 2 _aConsejo Superior de Investigaciones Científicas, Instituto de Filosofía "Luis Vives,"
_965527
999 _c38821
_d38821